| 000 | 00643nam a22001697a 4500 | ||
|---|---|---|---|
| 003 | OSt | ||
| 005 | 20151106134200.0 | ||
| 008 | 130828t xxu||||| |||| 00| 0 eng d | ||
| 050 |
_aQA 273 _b.In61P1 2010 |
||
| 110 |
_aInternational Baccalaureate Organization _9203 |
||
| 245 |
_a2010 practice examination for use with the IB diploma programme : _bmathematics HL paper 1 and solutions / _cInternational Baccalaureate Organization |
||
| 260 |
_a[S.I.] : _bInternational Baccalaureate Organization, _cc2010. |
||
| 300 |
_a13 leaves : _bill ; _c30 cm. |
||
| 650 |
_aExamination paper _xMathematics _xSolution _914597 |
||
| 942 |
_2lcc _cBK |
||
| 999 |
_c9673 _d9673 |
||